000 00464nam a2200169Ia 4500
999 _c11819
_d11819
003 OSt
005 20201117154700.0
008 190216s9999||||xx |||||||||||||| ||und||
040 _coclc
082 _a823.01
_bHEM/C
100 _aHemming, James
_94674
245 0 _aCorker Joins The Club /
_cJames Hemming
260 _bLongmans,
_c1962.
_aLondon;
300 _a57p
650 _aSpeeches
942 _cBK
_2ddc
_h823.01
_iHEM/C
_k823.01
_mHEM/C